00581nam a22002057a 4500003001100000005001700011008004100028020001500069040003900084041000800123082001500131245002100146260003700167650001100204700002400215700002400239942000700263952009000270999001500360LK-CoMWRAF20240229105604.0230921b1997 |||||||| |||| 00| 0 eng d a0785809066 aLK-CoMWRAFdLK-CoMWRAFeLK-CoMWRAF aeng a297.4bESS aEssential Sufism aNew York :bHaper collins,c1997 aSufism aFadiman, Jameseed. aFrager, Roberteed. cBK 00104070aMAINbMAINd2023-09-21l0o297.4 ESSpRAF1238r2023-09-21w2023-09-21yBK c3596d3596